|
|
|
|
| LEADER |
00000nam0a2200000 4500 |
| 001 |
106072 |
| 005 |
20231031114743.0 |
| 035 |
|
|
|a (RuTPU)RU\TPU\book\114467
|
| 090 |
|
|
|a 106072
|
| 100 |
|
|
|a 20061130d1953 m y0rusy50 ca
|
| 101 |
0 |
|
|a rus
|
| 102 |
|
|
|a RU
|
| 105 |
|
|
|a a z 001zy
|
| 200 |
1 |
|
|a Расчет измерительных и регулирующих дроссельных устройств
|f А. Н. Макаров, М. Я. Шерман
|
| 210 |
|
|
|a Москва
|c Металлургиздат
|d 1953
|
| 215 |
|
|
|a 283 с.
|c ил.
|
| 320 |
|
|
|a Библиогр.: с. 281.
|
| 610 |
1 |
|
|a дроссельные устройства
|
| 610 |
1 |
|
|a расчеты
|
| 610 |
1 |
|
|a теория
|
| 610 |
1 |
|
|a дисковые диафрагмы
|
| 610 |
1 |
|
|a сегментные диафрагмы
|
| 610 |
1 |
|
|a расходомерные трубы
|
| 610 |
1 |
|
|a регулирующие клапаны
|
| 610 |
1 |
|
|a дроссельные заслонки
|
| 675 |
|
|
|a 681.121.8
|v 3
|
| 700 |
|
1 |
|a Макаров
|b А. Н.
|
| 701 |
|
1 |
|a Шерман
|b М. Я.
|
| 801 |
|
1 |
|a RU
|b 63413507
|c 20061130
|g PSBO
|
| 801 |
|
2 |
|a RU
|b 63413507
|c 20210608
|g PSBO
|
| 942 |
|
|
|c BK
|